REMINGTON THE SCIENCE AND PRACTICE OF PHARMACY (Record no. 8785)

MARC details
000 -LEADER
fixed length control field 00389nam a22001577a 4500
003 - CONTROL NUMBER IDENTIFIER
control field SGT
020 ## - INTERNATIONAL STANDARD BOOK NUMBER
International Standard Book Number 978-0-85711-062-6
082 ## - DEWEY DECIMAL CLASSIFICATION NUMBER
Classification number 615.4
Item number R13A
100 ## - MAIN ENTRY--PERSONAL NAME
Personal name ALLEN, LOYD.V, ED
245 ## - TITLE STATEMENT
Title REMINGTON THE SCIENCE AND PRACTICE OF PHARMACY
250 ## - EDITION STATEMENT
Edition statement 22ND
260 ## - PUBLICATION, DISTRIBUTION, ETC. (IMPRINT)
Place of publication, distribution, etc DELHI
Name of publisher, distributor, etc PHARMACEUTICAL PRESS
Year of Publication 2013
300 ## - PAGE DESCRIPTION
No. of Pages 1852+INDEX+2724
650 ## - SUBJECT ADDED ENTRY--TOPICAL TERM
Topical term or geographic name as entry element PRACTICE PHARMACY
942 ## - ADDED ENTRY ELEMENTS (KOHA)
Source of classification or shelving scheme Dewey Decimal Classification
Koha item type Books
Holdings
Withdrawn status Lost status Source of classification or shelving scheme Damaged status Not for loan Collection code Home library Current library Shelving location Date acquired Vendor Name Cost, normal purchase price SGTU Bill Number Full call number Accession No. (Barcode) Date last seen Bill Date Koha item type
    Dewey Decimal Classification     PHARMACY SGT FA-FP Library SGT FA-FP Library Reference Book 07/04/2016 AHUJA 4495.00 SGTU 6742 615.4 R13A FP1798 07/04/2016 16/03/2016 Books
    Dewey Decimal Classification     PHARMACY SGT FA-FP Library SGT FA-FP Library Reference Book 07/04/2016 AHUJA 4495.00 SGTU 6742 615.4 R13A FP1799 06/09/2017 16/03/2016 Books